000 00926cam a2200289 i 4500
001 991017479955407486
005 20260429102550.0
008 241113s2023 ck jr 0001fdspa d
020 _a9786287525993
040 _aCO-BoBLA
_bspa
_cRIMSLA
_erda
_dRIMSLA
043 _as-ck---
082 0 4 _aCo863.6
_bL69e4
_219
084 _aNLOZ
100 1 _aLozano, Pilar,
_d1951-
_eautora
245 1 0 _aEra como mi sombra /
_cPilar Lozano.
264 1 _aBogotá :
_bPenguin Random House Grupo Editorial,
_c2023
300 _a109 páginas ;
_c21 cm.
336 _atexto
_btxt
_2rdacontent
337 _asin mediación
_bn
_2rdamedia
338 _avolumen
_bnc
_2rdacarrier
650 7 _aNovela juvenil colombiana.
_2BLAAUTO
650 7 _aConflicto armado colombiano
_vNovela.
_2BLAAUTO
650 7 _aGuerrilleros
_zColombia
_vNovela.
_2BLAAUTO
650 7 _aReconciliación
_vNovela.
_2BLAAUTO
942 _2ddc
_cBK
949 _ac
_bc
999 _c17818
_d17818